Lagu Karaoke Melayu Audio One Vol. 1[video recording]

Bibliographic Details
Format: Book
Subjects:

MARC

LEADER 00000cam a2200000 7i4500
001 0000004776
005 20061204.0
040 |a INS 
090 0 0 |a ML345 
245 0 0 |a Lagu Karaoke Melayu Audio One Vol. 1[video recording] 
300 |a 2 video cassette(VHS) (2:25 ) :   |b sd., col. ;   |c 1/2 in. 
650 0 0 |a Song,malay 
999 |a VHS400   |b VIDEO   |c Media Collection   |e Default branch